000 01814nam2a22002891 4500
001 rc\4317842
005 20250612045408.0
021 _aRU
_b[63-44282]
035 _a(NLR Aleph) 008510973
090 _a8168878
_c8168878
100 _a20130416d1963 |||y0rusy50 ca
101 0 _arus
102 _aRU
105 _aa z |||||
200 1 _aАвтомобиль "Волга"
_eКонструктивные изменения и взаимозаменяемость деталей, узлов и агрегатов
_f[Сост. Г.Н. Адестов, В.И. Борисов, Б.А. Дехтяр. и др.]
210 _d1963
_aБ. м.
215 _a110 с.
_cил.
461 0 _1001rc\4317841
_12001#$aАвтомобили СССР$eКаталог-справочник$fЦентр. ин-т науч.-техн. информации по автоматизации и машиностроению ЦБТИ Гос. ком. по автоматизации и машиностроению при Госплане СССР$v[1]
_98168873
_cМосква
_d1963
_fЦентр. ин-т науч.-техн. информации по автоматизации и машиностроению ЦБТИ Гос. ком. по автоматизации и машиностроению при Госплане СССР
_nБ. и.
_oКаталог-справочник
_tАвтомобили СССР
_v[1]
702 1 _4220
_7ca
_8rus
_aБорисов
_bВ. И.
_cинженер-конструктор, автомобилестроение
_f1913-1996
_gВиталий Иванович
_9235305
_3RU\NLR\AUTH\770235361
702 1 _aАдестов
_bГ.Н.
_4220
702 1 _aДехтяр
_bБ.А.
_4220
801 0 _aRU
_bNLR
_gpsbo
801 1 _aRU
_bELAR
_2rusmarc
852 _aNLR
_jПт 86.3/194
942 _cBOOK
980 _aNB